| 000 -LEADER |
| fixed length control field |
00404nam a2200145Ia 4500 |
| 003 - CONTROL NUMBER IDENTIFIER |
| control field |
OSt |
| 005 - DATE AND TIME OF LATEST TRANSACTION |
| control field |
20220330142134.0 |
| 008 - FIXED-LENGTH DATA ELEMENTS--GENERAL INFORMATION |
| fixed length control field |
220318s9999 xx 000 0 und d |
| 020 ## - INTERNATIONAL STANDARD BOOK NUMBER |
| International Standard Book Number |
9788192816159 |
| 082 ## - DEWEY DECIMAL CLASSIFICATION NUMBER |
| Classification number |
721.04 |
| 100 ## - MAIN ENTRY--PERSONAL NAME |
| Dates associated with a name |
1938- |
| Fuller form of name |
Gerber, Eckhard |
| 245 #0 - TITLE STATEMENT |
| Title |
Architectural material & detail structure : advanced materials |
| 260 ## - PUBLICATION, DISTRIBUTION, ETC. (IMPRINT) |
| Place of publication, distribution, etc |
Design Media Publishing Ltd, London, |
| Date of publication, distribution, etc |
2016 |
| 942 ## - ADDED ENTRY ELEMENTS (KOHA) |
| Source of classification or shelving scheme |
|